000 00452nam a2200145Ia 4500
008 100415s9999 xx 000 0 und d
082 _b8292
_a799.54
100 _aEARDLEY-WILMOT, S.
245 _aLeaves from Indian Forests: FOR REFERENCE ONLY
260 _aLONDON
_c1930
_bEDWARD ARNOLD & CO.
365 _b0
630 _aLeaves from Indian Forests: FOR REFERENCE ONLY
730 _aLeaves from Indian Forests: FOR REFERENCE ONLY
942 _cBOOK
999 _c591236
_d591233